| 000 | 01535nam0a2200373 4500 | ||
|---|---|---|---|
| 001 | RU\NLR\bibl\1436324 | ||
| 005 | 20260406163256.0 | ||
| 010 |
_a978-5-275-02060-1 _bГомер |
||
| 010 | _a978-5-275-02061-8 | ||
| 021 |
_aRU _b2009-72811 _94525 |
||
| 035 | _a(nilc)RSL-KNO-004383722 | ||
| 035 | _a(NLR Aleph) 001428203 | ||
| 090 |
_a1385832 _c1385832 |
||
| 100 | _a20090914d2009 |||y0rusy50 ca | ||
| 101 | 1 |
_arus _cgre |
|
| 102 | _aRU | ||
| 105 | _ay zzzz||||| | ||
| 200 | 1 |
_aИлиада _fГомер _g[пер. с древнегреч. Н. Гнедича _gвступ. ст., коммент. Е. Кузнеца] |
|
| 210 |
_aМосква _cТерра-Книжный клуб _d2009 |
||
| 215 |
_a635, [1] с. _d21 |
||
| 225 | 1 |
_aБиблиотека античной литературы _iГреция |
|
| 320 | _aУказ. имен: с. 590-617 | ||
| 320 | _aУказ. старых и малоупотребляемых слов: с. 618-625 | ||
| 604 |
_1700#0$aГомер _150010$a"Илиада"$2nlr_sh2$3RU\NLR\AUTH\66339331 _aГомер _t"Илиада" _9924392 _3RU\NLR\AUTH\66339331 |
||
| 686 | _aШ590)332-4Гомер"Илиада" | ||
| 700 | 0 |
_4070 _8rus _7ca _aГомер _3RU\NLR\AUTH\7710030 _9119815 |
|
| 702 | 1 |
_4730 _8rus _7ca _aГнедич _bН.И. _f1784-1833 _gНиколай Иванович _3RU\NLR\AUTH\7710029 _9119814 |
|
| 801 | 0 |
_aRU _bРКП _c20090914 _grcr |
|
| 801 | 1 |
_aRU _bРГБ _c20090914 |
|
| 801 | 2 |
_aRU _bNLR _c20091110 _grcr |
|
| 942 | _cBOOK | ||
| 980 | _aNB | ||